| 000 | 00592nam a2200169 a 4500 | ||
|---|---|---|---|
| 008 | 120416s1980 ||||||||||||||||| || u | ||
| 020 | _a0070720800 | ||
| 050 | _aHF 5635 Wri | ||
| 100 | _aWright, Wilmer | ||
| 245 | 1 | 0 | _aManagement accounting simplified |
| 260 |
_aNew York _bMcGraw-Hill _c1980 |
||
| 300 | _ax, 253p. : ill. | ||
| 350 | _a0.00 | ||
| 650 | 0 | _aACCOUNTING--HANDBOOKS, MANUALS, ETC | |
| 650 | 0 | _aMANAGERIAL ACCOUNTING | |
| 995 |
_D0.00 _FCBU-MAIN LIBRARY (Kitwe) _H1 _I19.95 _M1 _UAVAILABLE _ZAnnex Low-Usage Collection |
||
| 999 |
_c49861 _d49861 |
||